| 000 | 00661nam a2200217Ia 4500 | ||
|---|---|---|---|
| 001 | 15989 | ||
| 003 | GE_BSU | ||
| 008 | 181216s||||||||xx |||||||||||||| ||und|| | ||
| 040 | _cGE_BSU | ||
| 080 | _a821.353.1-11 | ||
| 100 | _aხუხაშვილი, გ. | ||
| 245 | _aლურჯი ფანჯრები | ||
| 245 | _bპოემა | ||
| 245 | _cრედ.ბ.ჟღენტი. მხატვ.ირ.ჯანაშვილი | ||
| 260 | _aთბილისი | ||
| 260 | _bსაბჭ. მწერალი | ||
| 260 | _c1960 | ||
| 300 | _a52გვ. ; 17სმ | ||
| 653 | _aლურჯი ფანჯრები | ||
| 942 | _cBK | ||
| 999 |
_c49082 _d49082 |
||